000 00554nam a22001937a 4500
005 20251108174722.0
008 250721s2009 xx 000 0 ara d
020 _a9957501224
082 1 4 _a612.84/صال
100 1 _aصالح، أسماء محمد
_eمؤلف
245 1 0 _aتشريح العين /
264 1 _aعمان :
_bدار الجنادرية للنشر و التوزيع،
_c2009.
300 _a80ص.
650 1 7 _aالعين
650 1 7 _aتشريح العين
650 1 7 _aطب العيون
942 _2ddc
_cBK
999 _c116292
_d116292